| 000 | 00371nam a2200109Ia 4500 | ||
|---|---|---|---|
| 008 | 160909s9999 xx 000 0 und d | ||
| 100 | _aWatson, Bethany | ||
| 245 | _aYouth-led community garden program: A grant proposal | ||
| 260 |
_bCalifornia State University, Long Beach _c2016 |
||
| 650 | _aCULINARY | ||
| 856 | _uhttp://pqdtopen.proquest.com/doc/1777348948.html?FMT=ABS | ||
| 999 |
_c304972 _d304972 |
||